Представление документа в формате RUSMARC

ПолеНазваниеЗначение
  Тип записи a
  Библиографический уровень m
001 Контрольный номер c096b8ab8ab14333b6a945e4213d1406
005 Дата корректировки 20150305153921.2
010 Индекс ISBN __
a ISBN 978-5-406-01614-5
101 Язык документа 0_
a Язык текста rus
102 Страна публикации __
a Страна публикации RU
200 Заглавие и сведения об ответственности 1_
a Заглавие Аудит
b Общее обозначение материала Текст
e Сведения, относящиеся к заглавию учебник
f Первые сведения об ответственности Т.М. Рогуленко, С.В. Пономарева, А.В. Бодяко
205 Сведения об издании __
a Основные сведения об издании 2-е изд., перераб.
210 Выходные данные 1_
a Место издания Москва
c Издательство КноРус
d Дата издания 2014
215 Физическое описание __
a Объем 428 с.
225 Серия 2_
a Серия Бакалавриат
610 Ключевые слова 0_
a Ключевые слова аудит
610 Ключевые слова 0_
a Ключевые слова аудиторская деятельность
610 Ключевые слова 0_
a Ключевые слова аудиторская проверка
610 Ключевые слова 0_
a Ключевые слова аудиторское заключение
610 Ключевые слова 0_
a Ключевые слова анализ финансово-хозяйственной деятельности
686 Индексы других классификаций __
a Классификационный индекс 65.052.9(2)215я73
686 Индексы других классификаций __
a Классификационный индекс 65.053я73
700 Автор _1
a Фамилия Рогуленко
b Имя Т. М.
g Полное личное имя Татьяна Михайловна
701 Альтернативная интеллектуальная ответственность _1
a Фамилия Пономарева
b Имя С. В.
g Полное личное имя Светлана Валерьевна
e Роль лиц Автор
4 Код отношения 070
701 Альтернативная интеллектуальная ответственность _1
a Фамилия Бодяко
b Имя А. В.
g Полное личное имя Анна Владимировна
e Роль лиц Автор
4 Код отношения 070
801 Источник записи _0
a Страна RU
b Организация РУК
c Дата составления 20150305
g Правила каталогизации PSBO
801 Источник записи _1
a Страна RU
b Организация РУК
c Дата составления 20150305
g Правила каталогизации PSBO
852 Данные о местонахождении __
i Авторский знак Р 59
j Шифр хранения ББК 65.052
901 Тип документа __
t Тип документа m
937 Технологическая информация __
a Создатель записи (имя) Золотухина
938 Служебная информация __
a Название организации Головной вуз
952 Тип литературы __
b Гриф литературы для ВШ гриф
c Вид литературы учебник